Fundamentals of food process engineering

সংরক্ষণ করুন:
গ্রন্থ-পঞ্জীর বিবরন
প্রধান লেখক:  Toledo, Romeo T
বিন্যাস: Sách
ভাষা:Undetermined
প্রকাশিত:  Springer Science+Business Media  2018
বিষয়গুলি:
ট্যাগগুলো: ট্যাগ যুক্ত করুন
কোনো ট্যাগ নেই, প্রথমজন হিসাবে ট্যাগ করুন!
Thư viện lưu trữ: Trung tâm Thư viện - Trường Đại học Công nghiệp TP. Hồ Chí Minh
LEADER 00556nam a2200157Ia 4500
001 UIH_06515
008 231011s9999 xx 000 0 und d
082 |a  664.02 
100 |a  Toledo, Romeo T 
245 0 |a  Fundamentals of food process engineering 
245 0 |c  Toledo, Romeo T 
260 |b  Springer Science+Business Media 
260 |c  2018 
650 |a  Food industry and trade; Food science; Công nghệ thực phẩm;  
927 |a Sách 
980 |a Trung tâm Thư viện - Trường Đại học Công nghiệp TP. Hồ Chí Minh